[Event "Euro Online U2300 Day 1"]
[Site "chess.com INT"]
[Date "2020.05.25"]
[Round "2"]
[White "Spirliadis, Achileas"]
[Black "Klykow, Lukasz"]
[Result "0-1"]
[WhiteElo "2149"]
[BlackElo "2197"]
[WhiteFideId "4215770"]
[BlackFideId "1106767"]
[EventDate "2020.05.25"]

1. d4 d5 2. c4 Nc6 3. Nf3 Bg4 4. cxd5 Bxf3 5. gxf3 Qxd5 6. e3 e5 7. Nc3 Bb4 8.
Bd2 Bxc3 9. bxc3 Qd6 10. Qb3 O-O-O 11. Rb1 b6 12. Qa4 Kb8 13. Bb5 Nge7 14. Bc1
Qg6 15. Rb3 Qg2 16. Rf1 Qxf3 17. Ba3 exd4 18. cxd4 Qe4 19. Bxe7 Nxe7 20. Bd3 Qc6
21. Qa3 Nd5 22. Kd2 Qd6 23. Qxd6 Rxd6 24. a4 a5 25. Rg1 g6 26. Rc1 f5 27. Be2
Re8 28. Bf3 Nb4 29. h4 c5 30. Rc4 cxd4 31. Rxd4 Rxd4+ 32. exd4 Rd8 33. Kc3 Kc7
34. h5 Nd5+ 35. Bxd5 Rxd5 36. hxg6 hxg6 37. Kc4 Rd6 38. d5 Kd7 39. Re3 g5 40.
Re5 Rf6 41. Kd4 g4 42. Ke3 f4+ 43. Ke2 Kd6 44. Rg5 g3 45. fxg3 fxg3 46. Rxg3
Kxd5 47. Rg4 Rc6 48. Kd3 Rc1 49. Rg5+ Kc6 50. Rg6+ Kc5 51. Kd2 Rc4 52. Rg5+ Kc6
53. Kd3 Rxa4 54. Kc3 Ra3+ 55. Kb2 Rh3 56. Rg6+ Kb5 57. Rg4 a4 58. Rg5+ Ka6 59.
Rg4 b5 60. Rg8 Ka5 61. Ra8+ Kb4 62. Rg8 Rh2+ 63. Kb1 Ka3 64. Rg3+ Kb4 65. Rg4+
Ka5 66. Rg3 b4 67. Rg5+ Kb6 68. Rg6+ Kb5 69. Rg5+ Kc4 70. Rg4+ Kc3 71. Rg3+ Kc4
72. Rg4+ Kc3 73. Rg3+ Kd2 74. Rg4 b3 75. Kb2 Kd3+ 76. Ka3 Ra2+ 77. Kb4 b2 78.
Rg3+ Ke4 79. Rg1 Ra1 80. Rg4+ Kf5 81. Rd4 b1=Q+ 82. Kc5 Qc2+ 83. Kd5 Rd1 84. Rd2
Qxd2+ 85. Kc4 Rc1+ 86. Kb5 Qb2+ 87. Ka5 a3 88. Ka6 a2 89. Ka7 a1=Q# 0-1

[Event "Euro Online U2300 Day 1"]
[Site "chess.com INT"]
[Date "2020.05.25"]
[Round "2"]
[White "Guliev, Logman"]
[Black "Ivanisvili, Andrejs"]
[Result "1/2-1/2"]
[WhiteTitle "IM"]
[WhiteElo "2273"]
[BlackElo "2233"]
[WhiteFideId "13400061"]
[BlackFideId "11601485"]
[EventDate "2020.05.25"]

1. e4 c6 2. d4 d5 3. exd5 cxd5 4. c4 e6 5. Nc3 Nf6 6. Nf3 Nc6 7. Bg5 Be7 8. c5
Ne4 9. Bxe7 Qxe7 10. Rc1 Nxc3 11. Rxc3 O-O 12. Bb5 e5 13. dxe5 Nxe5 14. Nxe5
Qxe5+ 15. Qe2 Qxe2+ 16. Kxe2 Be6 17. Rd1 a6 18. Ba4 Rfd8 19. Ke3 Kf8 20. Kd4 Ke7
21. b4 Rac8 22. Re1 h5 23. f4 g6 24. Bc2 Kf6 25. Re5 Rc7 26. a4 Rcd7 27. Rf3 Bg4
28. Rf2 h4 29. h3 Bf5 30. Bxf5 gxf5 31. Rc2 Rg8 32. c6 Rc7 33. b5 axb5 34. axb5
bxc6 35. bxc6 Rgc8 36. Kxd5 Rd8+ 37. Kc5 Rxc6+ 38. Kxc6 Rc8+ 39. Kd5 Rxc2 40.
Kd4 Rxg2 41. Ra5 Rd2+ 42. Ke3 Rh2 43. Ra6+ Kg7 44. Kd4 f6 45. Ra3 Rg2 46. Rf3
Kg6 47. Kd3 Ra2 48. Kd4 Ra4+ 49. Kd5 Ra5+ 50. Kd4 Ra1 51. Ke3 Ra3+ 52. Ke2 Ra2+
53. Ke3 Kf7 54. Kd4 Ra4+ 55. Kd5 Re4 56. Kd6 Rd4+ 57. Kc5 Rd1 58. Kc4 Kg6 59.
Kc5 Kh5 60. Kc4 Kg6 61. Kc5 Kf7 62. Kc4 Ke6 63. Kc5 Rd2 64. Re3+ Kd7 65. Rf3 Rd1
66. Kc4 Kd6 67. Re3 Rf1 68. Rd3+ Kc6 69. Rd4 Rf3 70. Kb4 Rxh3 71. Rd8 Rf3 72.
Kc4 h3 73. Rf8 Kd7 74. Rh8 Ke6 75. Kc5 Kf7 76. Rh6 Kg7 77. Rh4 Kg6 78. Kd5 Rd3+
79. Ke6 Re3+ 80. Kd6 Kf7 81. Rh7+ Kg6 82. Rh4 Rd3+ 83. Ke6 Ra3 84. Ke7 Re3+ 85.
Kd6 1/2-1/2

[Event "Euro Online U2300 Day 1"]
[Site "chess.com INT"]
[Date "2020.05.25"]
[Round "2"]
[White "Gunduz, Umut Erdem"]
[Black "Svitojus, Zygimantas"]
[Result "1/2-1/2"]
[WhiteTitle "FM"]
[WhiteElo "2137"]
[BlackElo "2033"]
[WhiteFideId "6381383"]
[BlackFideId "12805777"]
[EventDate "2020.05.25"]

1. e4 c5 2. Nf3 e6 3. c4 d5 4. cxd5 exd5 5. exd5 Qxd5 6. Nc3 Qd8 7. Bb5+ Bd7 8.
O-O Be7 9. Qe2 Bxb5 10. Nxb5 a6 11. Nc3 Nf6 12. Re1 Nc6 13. b3 O-O 14. Bb2 Re8
15. Qc4 b5 16. Qf4 Nb4 17. Qf5 g6 18. Qb1 Nd3 19. Re3 Nxb2 20. Qxb2 Ng4 21. Re4
f5 22. Re2 Bf6 23. Rxe8+ Qxe8 24. Re1 Qd7 25. h3 Nh6 26. Qc2 Nf7 27. a4 Rd8 28.
Re3 Ng5 29. Ne5 Qd4 30. Nc6 Qxd2 31. Qxd2 Rxd2 32. axb5 axb5 33. Nxb5 Ne4 34.
Rf3 Rd1+ 35. Kh2 Nd2 36. Rf4 Nf1+ 37. Kg1 Ne3+ 38. Kh2 Nf1+ 39. Kg1 Bg5 40. Ra4
Nd2+ 41. Kh2 Nxb3 42. h4 Bf6 43. Nc7 Nd4 44. Ra8+ Kg7 45. Ne8+ Kf7 46. Nd6+ Ke6
47. Nxd4+ Bxd4 48. Nc4 Kd5 49. Na5 Ra1 50. Ra7 c4 51. Rd7+ Ke4 52. Nxc4 h5 53.
f3+ Kd3 54. Ne5+ Ke3 55. Nxg6 Kd3 56. Nf4+ Ke3 57. Nxh5 Be5+ 58. f4 Bxf4+ 59.
Nxf4 Kxf4 60. Rg7 Ra2 61. Kh3 Ra6 62. g3+ Ke5 63. Rg5 Ke4 64. h5 Ra1 65. Kg2
Ra2+ 66. Kh3 Ra1 67. g4 f4 68. Rb5 f3 69. Kg3 Rg1+ 70. Kf2 Rg2+ 71. Kf1 Kf4 72.
Rb4+ Kg3 73. h6 Rh2 74. Rb3 Rxh6 75. Ke1 Kxg4 76. Kf2 Rh2+ 77. Kg1 Ra2 78. Kf1
Kg3 79. Rb1 Rc2 80. Kg1 Ra2 81. Kf1 Ra6 82. Kg1 Ra7 83. Kf1 Rh7 84. Kg1 Re7 85.
Rf1 Re2 86. Ra1 Rg2+ 87. Kf1 Rh2 88. Kg1 Rb2 89. Rd1 Kf4 90. Rd8 Rb1+ 91. Kf2
Rb2+ 92. Kf1 Rb4 93. Rf8+ Ke3 94. Re8+ Re4 95. Ra8 Rd4 96. Re8+ Kf4 97. Rf8+ Kg3
98. Rg8+ Rg4 99. Rxg4+ Kxg4 100. Kf2 Kf4 101. Kf1 Ke3 102. Ke1 Kf4 103. Kf2 Kg4
104. Kf1 Kg3 105. Kg1 f2+ 106. Kf1 Kf3 1/2-1/2

[Event "Euro Online U2300 Day 1"]
[Site "chess.com INT"]
[Date "2020.05.25"]
[Round "2"]
[White "Brondt, Nicolai Kvist"]
[Black "Miletic, Vuk"]
[Result "0-1"]
[WhiteTitle "FM"]
[WhiteElo "2223"]
[BlackElo "2159"]
[WhiteFideId "1413848"]
[BlackFideId "16503406"]
[EventDate "2020.05.25"]

1. d4 Nf6 2. Nf3 e6 3. c4 Bb4+ 4. Nbd2 b6 5. a3 Bxd2+ 6. Qxd2 Ba6 7. e3 d5 8. b3
Nc6 9. Qc2 O-O 10. Bd3 Rc8 11. O-O Ne7 12. Bb2 Ng6 13. Rac1 c5 14. Rfd1 cxd4 15.
Bxd4 dxc4 16. bxc4 Qe8 17. Qb2 Qe7 18. Qb4 Qb7 19. Qb1 Rfd8 20. Qb2 Qe7 21. Ne5
Nxe5 22. Bxe5 Bxc4 23. Bxf6 Qxf6 24. Qxf6 gxf6 25. g3 Bxd3 26. Rxc8 Rxc8 27.
Rxd3 Rc1+ 28. Kg2 Ra1 29. Rc3 Kf8 30. Kf3 Ke8 31. e4 Kd7 32. Ke3 b5 33. h4 a5
34. Kd4 Ra2 35. f4 Kd6 36. e5+ fxe5+ 37. fxe5+ Kd7 38. Ke4 Re2+ 39. Kf4 Rf2+ 40.
Kg4 Rf5 41. Rc5 h5+ 42. Kh3 b4 43. Rxa5 bxa3 44. Kg2 a2 45. Rxa2 Rxe5 46. Ra7+
Ke8 47. Kf3 Kf8 48. Kf4 Rf5+ 49. Ke3 Kg7 50. Ra4 Kf6 51. Ra7 Rf1 52. Ke2 Rb1 53.
Ra5 Kg6 54. Rg5+ Kh6 55. Kf3 Rb4 56. Kf2 f6 57. Rc5 Kg6 58. Rc6 e5 59. Kf3 Kf5
60. Rc8 Rb3+ 61. Kf2 e4 62. Rh8 Kg4 63. Rg8+ Kh3 64. Rg6 Rf3+ 65. Ke2 f5 66. Rg5
Rxg3 67. Rxf5 Kxh4 68. Kf2 Rg4 69. Ke3 Rg1 70. Kxe4 Kg4 71. Rf8 Re1+ 72. Kd3 h4
73. Rg8+ Kf3 74. Rf8+ Kg2 75. Rg8+ Kh2 76. Kd2 Re7 77. Rg6 h3 78. Rg8 Kh1 79.
Rg6 Re5 80. Rg8 Re4 81. Rg6 Re8 82. Rg7 h2 83. Rg6 Ra8 84. Ke2 Ra2+ 85. Kf3 Ra1
86. Kf2 Rg1 87. Rh6 Rg2+ 88. Kf1 Rg5 89. Rh8 Rf5+ 90. Ke2 Kg2 91. Rg8+ Kh3 92.
Rh8+ Kg3 93. Rg8+ Kh4 94. Rh8+ Rh5 0-1

[Event "Euro Online U2300 Day 1"]
[Site "chess.com INT"]
[Date "2020.05.25"]
[Round "2"]
[White "Taspinar, Yanki"]
[Black "Fajdetic, Hrvoje"]
[Result "1-0"]
[WhiteTitle "CM"]
[BlackTitle "CM"]
[WhiteElo "2178"]
[BlackElo "2151"]
[WhiteFideId "34561188"]
[BlackFideId "14501945"]
[EventDate "2020.05.25"]

1. d4 e6 2. c4 f5 3. g3 Nf6 4. Bg2 Be7 5. Nf3 O-O 6. O-O d6 7. Nc3 Ne4 8. Qc2
Nxc3 9. Qxc3 Bf6 10. b3 Nc6 11. Bb2 e5 12. e3 Qe8 13. Qc2 Qh5 14. Rac1 f4 15. d5
Nd8 16. exf4 exf4 17. Bxf6 Rxf6 18. Rce1 Bg4 19. Qe4 Rf8 20. Nd4 f3 21. Bh1 Nf7
22. Bxf3 Ne5 23. Bxg4 Nxg4 24. Qg2 Rf6 25. Ne6 c6 26. h3 Ne5 27. f4 cxd5 28.
Qxd5 Qf7 29. fxe5 dxe5 30. Rxf6 gxf6 31. Nc7 Rc8 32. Qxf7+ Kxf7 33. Nd5 Ke6 34.
Rf1 Rf8 35. g4 h6 36. Rf5 b5 37. Nc7+ Kf7 38. Nxb5 Rd8 39. Nc7 Rd2 40. Nd5 Rxa2
41. Rxf6+ Kg7 42. Re6 Ra3 43. b4 Rxh3 44. Kg2 Ra3 45. Rxe5 a5 46. bxa5 Rxa5 47.
Re2 Rc5 48. Rc2 Kf7 49. Nf4 Kf6 50. Nd3 Rg5 51. Kf3 h5 52. gxh5 Rxh5 53. c5 Ke7
54. c6 Kd8 55. c7+ Kc8 56. Ke4 Rh7 57. Kd5 Rxc7 58. Nc5 Rh7 59. Rb2 Rh5+ 60. Kd6
Rh6+ 61. Ne6 Rh1 62. Kc6 Rh6 63. Re2 Rg6 64. Kd6 Rh6 65. Kd5 Rh5+ 66. Kc6 Rh6
67. Kd6 Rg6 68. Rb2 Rh6 69. Rb6 Rg6 70. Rc6+ Kb7 71. Kd7 Rg1 72. Nc5+ Kb8 73.
Rb6+ Ka7 74. Ra6+ Kb8 75. Rd6 Rg7+ 76. Kc6 Rg8 77. Kb6 Rh8 78. Na6+ Ka8 79. Nc7+
Kb8 80. Nb5 Kc8 81. Na7+ Kb8 82. Nc6+ Kc8 83. Rf6 Re8 84. Rf7 Re7 85. Nxe7+ Kd7
86. Rh7 Ke6 87. Rh1 Kxe7 88. Rb1 Kf6 89. Rb5 Ke6 90. Rc5 Kd6 91. Rc6+ Kd7 92.
Kc5 Ke7 93. Rd6 Kf7 94. Kd5 Ke7 95. Ra6 Kf7 96. Ke5 Kg7 97. Kf5 Kh7 98. Kg5 Kg7
99. Ra7+ Kf8 100. Kf6 Ke8 101. Rh7 Kd8 102. Ke6 Kc8 103. Kd6 Kb8 104. Kc6 Ka8
105. Kb6 Kb8 106. Rh8# 1-0

[Event "Euro Online U2300 Day 1"]
[Site "chess.com INT"]
[Date "2020.05.25"]
[Round "2"]
[White "Stefan, Romulus-Cristian"]
[Black "Florescu, Codrut-Constantin"]
[Result "1/2-1/2"]
[WhiteTitle "CM"]
[BlackTitle "IM"]
[WhiteElo "2151"]
[BlackElo "2293"]
[WhiteFideId "1232835"]
[BlackFideId "1202200"]
[EventDate "2020.05.25"]

1. d4 Nf6 2. c4 e6 3. Nc3 Bb4 4. e3 b6 5. Ne2 Bb7 6. a3 Be7 7. d5 O-O 8. Nf4 e5
9. Nd3 d6 10. e4 a5 11. b3 Na6 12. Be3 Nc5 13. Nxc5 bxc5 14. Bd3 Bc8 15. h3 Rb8
16. O-O g6 17. Be2 Ne8 18. Rb1 f5 19. Bh6 Ng7 20. Qd2 Rf7 21. Kh2 fxe4 22. Nxe4
Nf5 23. Bg5 Nd4 24. Bxe7 Qxe7 25. Bd3 Bf5 26. Ng3 Bxd3 27. Qxd3 Qh4 28. Qc3 Ra8
29. Rb2 Kg7 30. Qe3 h5 31. Ne4 Raf8 32. Ng5 Rf4 33. Ne6+ Nxe6 34. dxe6 Qf6 35.
b4 axb4 36. axb4 Rxc4 37. bxc5 Rxc5 38. g3 Qxe6 39. Rd2 Qc4 40. Rfd1 Qf7 41. Kg2
Rb5 42. Rc1 Rb3 43. Rxc7 Rxe3 44. Rxf7+ Kxf7 45. fxe3 Ke6 46. e4 Ra8 47. Rb2 Ra4
48. Kf3 Ra3+ 49. Kf2 g5 50. Rb8 Ra7 51. Rg8 Kf6 52. Rf8+ Rf7 53. Ra8 g4 54. hxg4
hxg4 55. Rg8 Rg7 56. Rf8+ Ke6 57. Ke3 Rf7 58. Re8+ Kd7 59. Rg8 Rf3+ 60. Ke2 Rxg3
61. Rg5 Kc6 62. Rg6 Kc5 63. Kf2 Rf3+ 64. Ke2 Rf4 65. Ke3 Kc6 66. Rg8 Kd7 67. Rg6
Ke7 68. Kd3 Kd7 69. Ke3 Kc6 70. Rg8 Rf3+ 71. Ke2 Ra3 72. Rxg4 Kc5 73. Rg6 Rh3
74. Rf6 Ra3 75. Rg6 Ra6 76. Ke3 Kc4 77. Rh6 Ra3+ 78. Ke2 Rd3 79. Rg6 Rd4 80. Ke3
Kc5 81. Rh6 Rb4 82. Rg6 Rb7 83. Rh6 Rg7 84. Rf6 Rg3+ 85. Kf2 Rh3 86. Ke2 Kd4 87.
Rxd6+ Kxe4 88. Ra6 Rh2+ 89. Kf1 Kf4 90. Ra3 Rb2 91. Ke1 e4 92. Kf1 Rd2 93. Ke1
Rg2 94. Kf1 Rh2 95. Ke1 Rh1+ 96. Kf2 Rb1 97. Ke2 Rb2+ 98. Ke1 Rg2 99. Kf1 Rg5
100. Ke2 Rd5 101. Ke1 e3 102. Ra8 Ke4 103. Ke2 Rd2+ 104. Ke1 Rh2 105. Re8+ Kd3
106. Rd8+ Ke4 107. Re8+ Kf3 108. Rf8+ Ke4 109. Re8+ 1/2-1/2

[Event "Euro Online U2300 Day 1"]
[Site "chess.com INT"]
[Date "2020.05.25"]
[Round "2"]
[White "Nilssen, Ellen Fredericia"]
[Black "Solovyev, Artem"]
[Result "0-1"]
[WhiteTitle "WFM"]
[WhiteElo "2071"]
[BlackElo "2155"]
[WhiteFideId "1441230"]
[BlackFideId "14121620"]
[EventDate "2020.05.25"]

1. d4 d5 2. c4 e6 3. Nc3 Nf6 4. cxd5 exd5 5. Bg5 c6 6. e3 Be7 7. Bd3 Nbd7 8. Qc2
Nf8 9. Nf3 g6 10. h3 Ne6 11. Bh4 Ng7 12. O-O Bf5 13. a3 O-O 14. b4 Rc8 15. g4
Bxd3 16. Qxd3 Ne4 17. Bxe7 Qxe7 18. Nd2 Rce8 19. Ndxe4 dxe4 20. Qc4 h5 21. Qc5
Qh4 22. Qd6 Qxh3 23. gxh5 Nxh5 24. Qh2 Qg4+ 25. Qg2 Qe6 26. Rad1 Nf6 27. Qg5 Kg7
28. d5 Qe5 29. Qxe5 Rxe5 30. f4 exf3 31. Rxf3 Nxd5 32. Nxd5 Rxd5 33. Rc1 Re8 34.
Rc3 Rd2 35. b5 Re6 36. a4 f5 37. Rb3 c5 38. a5 b6 39. axb6 axb6 40. Rf4 Re2 41.
Rf3 Rd6 42. Kf1 Rc2 43. Ke1 Kf6 44. Rh3 Ke5 45. Rh8 c4 46. Ra3 c3 47. Re8+ Kd5
48. Rc8 Ke4 49. Rcxc3 Rxc3 50. Rxc3 Rd5 51. Rb3 g5 52. Ke2 g4 53. Rb1 Rc5 54.
Rb4+ Ke5 55. Rb2 Kd5 56. Kf2 Kc4 57. Kg3 Rxb5 58. Rc2+ Kd3 59. Rc8 Kxe3 60. Re8+
Kd3 61. Kf4 Rd5 62. Re1 b5 63. Rd1+ Kc4 64. Rc1+ Kd4 65. Rd1+ Kc5 66. Rc1+ Kd6
67. Rb1 Kc6 68. Rc1+ Rc5 69. Rb1 b4 70. Rxb4 Kd5 71. Rb1 Ke6 72. Rb6+ Kf7 73.
Rd6 Kg7 74. Ra6 Rb5 75. Rc6 Rd5 76. Rb6 Kf7 77. Ra6 Ke7 78. Rb6 Rd6 79. Rb5 Rf6
80. Rb7+ Ke6 81. Rb6+ Kf7 82. Rb7+ Kg6 83. Rb5 Rc6 84. Rb4 Rd6 85. Ra4 Re6 86.
Ra5 Re4+ 87. Kg3 Kg5 88. Rb5 Re3+ 89. Kf2 Rf3+ 90. Kg2 Ra3 91. Rc5 Re3 92. Rb5
Kf4 93. Rb4+ Re4 94. Rb5 Re2+ 95. Kf1 Rd2 96. Rb4+ Kg3 97. Rb3+ Kh4 98. Rb5 f4
99. Rb3 g3 100. Rb8 Kg4 101. Rb3 g2+ 102. Kg1 Re2 103. Rb8 f3 104. Rg8+ Kf4 105.
Rf8+ Ke3 106. Re8+ Kd2 107. Rf8 Re1+ 108. Kf2 g1=Q+ 0-1

[Event "Euro Online U2300 Day 1"]
[Site "chess.com INT"]
[Date "2020.05.25"]
[Round "2"]
[White "Kacprzak, Kacper"]
[Black "Buksa, Nataliya"]
[Result "1/2-1/2"]
[BlackTitle "IM"]
[WhiteElo "1977"]
[BlackElo "2410"]
[WhiteFideId "21819319"]
[BlackFideId "14123622"]
[EventDate "2020.05.25"]

1. e4 c5 2. Nf3 Nc6 3. d4 cxd4 4. Nxd4 Nf6 5. Nc3 e5 6. Ndb5 d6 7. Bg5 a6 8. Na3
b5 9. Nd5 Be7 10. Bxf6 Bxf6 11. c3 Bg5 12. Nc2 Rb8 13. g3 O-O 14. h4 Bh6 15. Bh3
Be6 16. Nce3 Bxe3 17. Nxe3 Ne7 18. Bxe6 fxe6 19. Qb3 Qd7 20. O-O d5 21. exd5
exd5 22. Rfd1 Rfd8 23. Rd2 Rb6 24. a4 Kh8 25. axb5 axb5 26. Nc4 Re6 27. Na3 Rb8
28. c4 dxc4 29. Nxc4 Qc7 30. Ne3 Rf6 31. Rad1 h5 32. Rd7 Qc5 33. R7d5 Qc7 34.
Rd7 Qc5 35. Rd8+ Rxd8 36. Rxd8+ Kh7 37. Qd3+ Ng6 38. Qe2 e4 39. Rd5 Qc1+ 40. Kg2
Kg8 41. Rxh5 b4 42. Qc4+ Qxc4 43. Nxc4 Rc6 44. b3 Nf8 45. Rb5 Ra6 46. Rxb4 Kh7
47. Ne3 Ra3 48. Rxe4 Rxb3 49. Re8 Ng6 50. h5 Nh8 51. Nf5 Rb5 52. g4 Nf7 53. Re7
Kg8 54. Re8+ Kh7 55. Re7 Ne5 56. Rxg7+ Kh8 57. f3 Rb3 58. Re7 Nxf3 59. Kg3 Nd4+
60. Kf4 Nc6 61. Rc7 Rb4+ 62. Kg5 Ne5 63. Nh6 Nf3+ 64. Kf5 Nh4+ 65. Ke5 Nf3+ 66.
Kd5 Rb5+ 67. Kc4 Rb6 68. Nf7+ Kg8 69. g5 Nxg5 70. Nxg5 Rh6 71. Rc8+ Kg7 72. Ne4
Rxh5 73. Kd4 Ra5 74. Ke3 Kg6 75. Kf4 Rb5 76. Kg4 Rb4 77. Rc6+ Kf7 78. Kf5 Rb5+
79. Nc5 Ra5 80. Rc7+ Ke8 81. Ke6 Kf8 82. Nd7+ Kg7 83. Ne5+ Kh6 84. Kf6 Ra6+ 85.
Kf5 Ra5 86. Rb7 Rc5 87. Kf6 Ra5 88. Rb1 Ra6+ 89. Kf5 Kg7 90. Rg1+ Kf8 91. Rb1
Ke7 92. Rb7+ Kd6 93. Rh7 Kc5 94. Ke4 Ra1 95. Rc7+ Kb5 96. Rc2 Rd1 97. Nd3 Rh1
98. Kd5 Rh5+ 99. Ne5 Kb4 100. Kd4 Rh4+ 101. Kd5 Rh5 102. Rc8 Kb3 103. Kd4 Rh4+
104. Ke3 Rh3+ 105. Nf3 Kb4 106. Ke4 Rh1 107. Rb8+ Kc5 108. Ne5 Re1+ 109. Kf5 Rh1
110. Rc8+ Kd5 111. Rd8+ Kc5 112. Rd2 Rh5+ 113. Kf4 Rh4+ 114. Ng4 Rh1 115. Ne3
Rh4+ 116. Ke5 Rh5+ 117. Ke4 Rh8 118. Rd5+ Kc6 119. Rg5 Re8+ 120. Kd4 Rh8 121.
Nc2 Rh4+ 122. Kc3 Rh3+ 1/2-1/2

[Event "Euro Online U2300 Day 1"]
[Site "chess.com INT"]
[Date "2020.05.25"]
[Round "2"]
[White "Levitan, Tal"]
[Black "Hoffmann, Sebastian"]
[Result "1-0"]
[WhiteElo "2126"]
[BlackElo "2209"]
[WhiteFideId "2804603"]
[BlackFideId "12954535"]
[EventDate "2020.05.25"]

1. e4 c5 2. c3 g6 3. d4 cxd4 4. cxd4 d5 5. e5 Nc6 6. Nc3 Bg7 7. h3 f6 8. f4 Bf5
9. Nf3 Nh6 10. Qb3 Be4 11. Qxb7 Rc8 12. Bb5 Qd7 13. Qxd7+ Kxd7 14. Kf2 Kd8 15.
Be3 Nf5 16. Bxc6 Rxc6 17. Nxe4 dxe4 18. Nd2 Nxe3 19. Kxe3 f5 20. Rhc1 Kd7 21. d5
Rcc8 22. b4 g5 23. g3 h5 24. h4 gxh4 25. gxh4 Bh6 26. Nb3 Rhg8 27. Nc5+ Ke8 28.
Rg1 Rg4 29. Rad1 Bxf4+ 30. Kd4 e3 31. Rxg4 hxg4 32. Rf1 g3 33. Nd3 Bh6 34. Rg1
f4 35. Ke4 e2 36. Kf3 Rc3 37. Kxe2 f3+ 38. Kxf3 Rxd3+ 39. Ke4 Re3+ 40. Kf5 Rf3+
41. Kg4 Rd3 42. Rxg3 Rxd5 43. Kf5 Kf7 44. Ke4 Rd2 45. a3 Rh2 46. Rg4 Rh3 47. a4
Ra3 48. a5 Bd2 49. Kd5 Ra4 50. Kc5 Ke6 51. Re4 a6 52. h5 Ra1 53. Kb6 Rb1 54. h6
Bxh6 55. Kxa6 Bd2 56. b5 Ra1 57. b6 Rxa5+ 58. Kb7 Rb5 59. Kc6 Rb1 60. b7 Rc1+
61. Kb6 Rb1+ 62. Kc7 Rc1+ 63. Kb6 Rb1+ 64. Ka6 Bc3 65. Ka7 Ra1+ 66. Kb6 Rb1+ 67.
Ka7 Ra1+ 68. Kb6 Ba5+ 69. Kc6 Rc1+ 70. Kb5 Bc7 71. Rh4 Bxe5 72. Rh8 Rb1+ 73. Kc6
Rc1+ 74. Kb5 Rb1+ 75. Kc6 Bd6 76. Rh6+ Ke5 77. Rh5+ Ke4 78. Rh4+ Kf5 79. Rh5+
Kg6 80. Rd5 Rc1+ 81. Kd7 Rc7+ 82. Ke6 Rxb7 83. Rd1 Rb2 84. Rg1+ Kh6 85. Kf5 Rf2+
86. Ke6 Rf6+ 87. Kd7 Rg6 88. Rf1 Kg7 89. Ke8 Rf6 90. Rg1+ Kh6 91. Re1 Kg5 92.
Rg1+ Kf5 93. Rf1+ Ke6 94. Re1+ Kd5 95. Rd1+ Kc6 96. Rc1+ Bc5 97. Ra1 Kd5 98.
Rd1+ Kc6 99. Ra1 Kc7 100. Rc1 Rc6 101. Kf7 e5 102. Rc4 Bd4 103. Ra4 Kd6 104. Kf6
Kd5+ 105. Kf5 Rc5 106. Ra8 Kc4 107. Ke4 Rb5 108. Rc8+ Rc5 109. Ra8 Kc3 110. Ra3+
Kb4 111. Rh3 Rc3 112. Rh8 Re3+ 113. Kd5 Kc3 114. Rh2 Kd3 115. Ra2 Re2 116. Ra3+
Kd2 117. Kc4 Re3 118. Ra2+ Ke1 119. Rh2 Rc3+ 120. Kd5 Rf3 121. Ke4 Rf2 122. Rh3
Re2+ 123. Kd3 Kf2 124. Rh2+ Kf3 125. Rxe2 Kf4 126. Re4+ Kf5 127. Rh4 Ke6 128.
Ke4 Kd6 129. Rh1 Ke6 130. Rh6+ Kd7 131. Kd5 Ke7 132. Ra6 Kd7 133. Rg6 Ke7 134.
Rh6 Bc3 135. Ke4 Kd7 136. Kd5 Ke7 137. Re6+ Kd7 138. Rc6 Ke7 139. Rxc3 Kd7 140.
Re3 Ke7 1-0

[Event "Euro Online U2300 Day 1"]
[Site "chess.com INT"]
[Date "2020.05.25"]
[Round "3"]
[White "Milovic, Aleksandra"]
[Black "Travica, Robert"]
[Result "0-1"]
[WhiteTitle "WIM"]
[WhiteElo "2198"]
[BlackElo "2002"]
[WhiteFideId "933988"]
[BlackFideId "954861"]
[EventDate "2020.05.25"]

1. d4 Nf6 2. Bg5 e6 3. e4 Be7 4. e5 Nd5 5. Bxe7 Qxe7 6. c4 Qb4+ 7. Nd2 Nb6 8.
Qg4 O-O 9. Nf3 d6 10. Bd3 g6 11. h4 Nc6 12. h5 Ne7 13. hxg6 fxg6 14. Rxh7 Kxh7
15. Qh4+ Kg8 16. Qxe7 dxe5 17. Ng5 Qxe7 0-1

[Event "Euro Online U2300 Day 1"]
[Site "chess.com INT"]
[Date "2020.05.25"]
[Round "3"]
[White "Kacprzak, Kacper"]
[Black "Martirosyan, Haik M."]
[Result "0-1"]
[BlackTitle "GM"]
[WhiteElo "1977"]
[BlackElo "2617"]
[WhiteFideId "21819319"]
[BlackFideId "13306553"]
[EventDate "2020.05.25"]

1. e4 b6 2. d4 Bb7 3. Nc3 g6 4. Be3 Bg7 5. f4 e6 6. Nf3 Nf6 7. Bd3 d5 8. e5 Nfd7
9. Qd2 Ba6 10. f5 gxf5 11. Bg5 Qc8 12. Ne2 Bxd3 13. Qxd3 c5 14. c3 Qa6 15. Qd2
Nc6 16. h4 h6 17. Be3 O-O-O 18. Nf4 Bf8 19. Nh5 cxd4 20. cxd4 Bb4 0-1

[Event "Euro Online U2300 Day 1"]
[Site "chess.com INT"]
[Date "2020.05.25"]
[Round "3"]
[White "Nur-Mukhametova, Alisa"]
[Black "Antonica, Dragos-Andrei"]
[Result "1-0"]
[BlackTitle "FM"]
[WhiteElo "2262"]
[BlackElo "2301"]
[WhiteFideId "54117739"]
[BlackFideId "1246372"]
[EventDate "2020.05.25"]

1. Nf3 Nf6 2. g3 d5 3. Bg2 c5 4. O-O Nc6 5. d4 cxd4 6. Nxd4 g6 7. c4 Nxd4 8.
Qxd4 dxc4 9. Qxd8+ Kxd8 10. Rd1+ Ke8 11. Na3 Bg7 12. Nb5 Kf8 13. Rd8+ Ne8 14.
Nc7 Be5 15. Rxe8+ Kg7 16. Rxh8 Bxc7 17. Re8 f6 18. Rxe7+ Kf8 19. Rxc7 1-0

[Event "Euro Online U2300 Day 1"]
[Site "chess.com INT"]
[Date "2020.05.25"]
[Round "3"]
[White "Maurizzi, Marc Andria"]
[Black "Bianchi, Guillaume"]
[Result "0-1"]
[WhiteTitle "IM"]
[WhiteElo "2433"]
[BlackElo "2173"]
[WhiteFideId "36083534"]
[BlackFideId "625370"]
[EventDate "2020.05.25"]

1. d4 d5 2. Bf4 Nf6 3. e3 c5 4. Nf3 Nc6 5. Nbd2 Bf5 6. dxc5 e6 7. Nd4 Bxc5 8.
Nxf5 exf5 9. c3 O-O 10. Be2 Re8 11. O-O Rc8 12. Bg5 Be7 13. Bxf6 Bxf6 14. g3 Qe7
15. Bf3 Rcd8 16. Qa4 a6 17. Rad1 g6 18. Nb3 0-1

[Event "Euro Online U2300 Day 1"]
[Site "chess.com INT"]
[Date "2020.05.25"]
[Round "3"]
[White "Gabovits, Ilia"]
[Black "Nandrean, Dan"]
[Result "0-1"]
[WhiteElo "1952"]
[BlackElo "2173"]
[WhiteFideId "4501500"]
[BlackFideId "1212354"]
[EventDate "2020.05.25"]

1. d4 Nf6 2. c4 e6 3. g3 d6 4. Nf3 Nbd7 5. Bg2 c5 6. O-O cxd4 7. Qxd4 a6 8. Nc3
Qc7 9. e4 Be7 10. h3 O-O 11. Be3 Re8 12. Rac1 b6 13. e5 dxe5 14. Nxe5 Bb7 15.
Nxd7 Nxd7 16. Bf4 e5 17. Bxe5 Nxe5 18. Bxb7 Rad8 19. Bd5 Nf3+ 0-1

[Event "Euro Online U2300 Day 1"]
[Site "chess.com INT"]
[Date "2020.05.25"]
[Round "3"]
[White "Kastner, Walter"]
[Black "Materia, Marco"]
[Result "0-1"]
[WhiteTitle "FM"]
[BlackTitle "FM"]
[WhiteElo "2187"]
[BlackElo "2269"]
[WhiteFideId "1602500"]
[BlackFideId "45150451"]
[EventDate "2020.05.25"]

1. d4 Nf6 2. Bg5 d5 3. e3 e6 4. Nd2 Be7 5. Bd3 O-O 6. f4 b6 7. Ngf3 Ba6 8. Bxa6
Nxa6 9. c3 c5 10. O-O Nb8 11. Ne5 Qc7 12. Bxf6 Bxf6 13. Ndf3 Nd7 14. Nxd7 Qxd7
15. Ne5 Qc7 16. Rf3 g6 17. g4 b5 18. g5 Bg7 19. h4 a5 20. h5 b4 21. dxc5 Bxe5
22. fxe5 bxc3 23. bxc3 Qxe5 24. Qd4 Qxg5+ 25. Kf2 Rab8 26. Rd1 Qxh5 27. Rd2 Rb1
28. Qf4 Qh1 29. c6 Qe1+ 0-1

[Event "Euro Online U2300 Day 1"]
[Site "chess.com INT"]
[Date "2020.05.25"]
[Round "3"]
[White "Caner, Resul"]
[Black "Kashtanov, Ruslan"]
[Result "1/2-1/2"]
[BlackTitle "IM"]
[WhiteElo "1916"]
[BlackElo "2376"]
[WhiteFideId "6368492"]
[BlackFideId "4124871"]
[EventDate "2020.05.25"]

1. e4 c5 2. Nf3 e6 3. d4 cxd4 4. Nxd4 Nf6 5. Be3 Nxe4 6. Bd3 Nf6 7. O-O Nc6 8.
c4 d5 9. cxd5 Nxd5 10. Nxc6 bxc6 11. Nc3 Be7 12. Nxd5 cxd5 13. Qh5 Bd7 14. Rfe1
Qb8 15. Bd4 1/2-1/2

[Event "Euro Online U2300 Day 1"]
[Site "chess.com INT"]
[Date "2020.05.25"]
[Round "3"]
[White "Maugenest, Ghislain"]
[Black "Haring, Filip"]
[Result "0-1"]
[BlackTitle "FM"]
[WhiteElo "2013"]
[BlackElo "2306"]
[WhiteFideId "36029483"]
[BlackFideId "14933080"]
[EventDate "2020.05.25"]

1. d4 Nf6 2. c4 e6 3. Nc3 Bb4 4. e3 O-O 5. Bd3 d5 6. Ne2 dxc4 7. Bxc4 c5 8. O-O
cxd4 9. exd4 a6 10. a3 Bd6 11. Bg5 Bxh2+ 12. Kh1 Bd6 13. Ng3 h6 14. Be3 b5 15.
Ba2 Bb7 16. Qd3 Ng4 0-1